00359nam a22001217a 4500003000400000082001800004100001100022245009800033260002500131300000700156650003700163653003700200SGT a617.645bI22T aTaruna aImpact and effect on quality of life in Dental traumatic injuries in children and adolescents bSGT Universityc2022 a56 aPediatric & Preventive Dentistry aPediatric & Preventive Dentistry